[Event "Basses Vallees Angevines op 4th"]
[Site "Cantenay Epinard"]
[Date "2015.12.19"]
[Round "1"]
[White "Bernardi, Pierre Yves"]
[Black "Leblond, Georges"]
[Result "0-1"]
[WhiteElo "1180"]
[BlackElo "1350"]
[PlyCount "70"]
[EventDate "2015.12.19"]
[EventType "swiss"]
[EventRounds "5"]
[EventCountry "FRA"]
[SourceTitle "EXT 2019"]
[Source "ChessBase"]
[SourceDate "2018.10.10"]
[SourceVersion "1"]
[SourceVersionDate "2018.10.10"]
[SourceQuality "1"]

1. e4 c6 2. Nf3 d5 3. exd5 cxd5 4. d4 Bg4 5. c4 Nf6 6. cxd5 Nxd5 7. Bc4 e6 8. Qe2 Nc6 9. Qe4 Bf5 10. Qe2 Be7 11. 0-0 0-0 12. a3 Nf6 13. Rd1 Nd5 14. h3 Bf6 15. Nc3 Re8 16. Be3 a6 17. a4 Ncb4 18. Ne5 Nxc3 19. bxc3 Nc2 20. Rab1 Nxe3 21. Qxe3 Bxb1 22. Rxb1 Qc7 23. Bb3 b5 24. Qd3 Red8 25. Bc2 Bxe5 26. Qxh7+ Kf8 27. dxe5 Qxe5 28. Rd1 Rxd1+ 29. Bxd1 Rd8 30. Bf3 bxa4 31. Qh8+ Ke7 32. Qh4+ g5 33. Qxa4 Rb8 34. Kf1 Rb1+ 35. Bd1 Qb5+ 0-1

[Event "Basses Vallees Angevines op 4th"]
[Site "Cantenay Epinard"]
[Date "2015.12.19"]
[Round "2"]
[White "Leguillon, Jean Paul"]
[Black "Bernardi, Pierre Yves"]
[Result "1-0"]
[WhiteElo "1446"]
[BlackElo "1180"]
[PlyCount "46"]
[EventDate "2015.12.19"]
[EventType "swiss"]
[EventRounds "5"]
[EventCountry "FRA"]
[SourceTitle "EXT 2019"]
[Source "ChessBase"]
[SourceDate "2018.10.10"]
[SourceVersion "1"]
[SourceVersionDate "2018.10.10"]
[SourceQuality "1"]

1. e4 e5 2. Nf3 Nc6 3. c3 Nf6 4. d3 d5 5. Qc2 Bc5 6. h3 h6 7. b4 Bb6 8. Bb2 Qd6 9. Be2 a6 10. 0-0 g5 11. d4 dxe4 12. dxe5 Nxe5 13. Nxe5 Qxe5 14. c4 Qe7 15. c5 Ba7 16. Nc3 c6 17. Rfe1 Bb8 18. Nxe4 Be5 19. Nxf6+ Qxf6 20. Bxe5 Qxe5 21. Bc4 f6 22. Rxe5+ fxe5 23. Qg6+ Kd7 1-0